000 00718nam a2200265Ia 4500
001 40728
005 20240114003351.0
007 ta
008 080108sss/1 g b000 u 346 u
040 _aCottonCollege Assam
041 _a346
082 _a891.44
_bT129 R
100 _aThakur, Rabindranath .
245 0 _aRabindra-Rachanabali /
_cRabindranath Thakur.
_hTextual Documents
250 _aRev edn. /
260 _aCalcutta :
_bBishwabharati ,
_cAss/1410.
300 _a723p. ;
_c23cm..
362 _aVol-16-
500 _a345/Ben; Donated by Late Pabitra kr Sarma
653 _aBengali Essay
653 _aEssay Bengali
942 _2ddc
_cBK
999 _c40699
_d40699